| 000 | 00479nam a2200193Ia 4500 | ||
|---|---|---|---|
| 008 | 131103s9999 xx 000 0 und d | ||
| 020 | _cRs.14 | ||
| 040 | _aLoreto College | ||
| 041 | _aEnglish | ||
| 082 |
_a170/JAY _bLCBED/12067 |
||
| 100 | _aJaya, R. | ||
| 245 |
_aIntellectuals _cR.Jaya |
||
| 260 |
_aDelhi _bScholar _c1993 |
||
| 300 |
_a60p. _b pic. _c 24cm. |
||
| 440 | _aScholar's Paperback; No.8 | ||
| 650 | _aMoral Science | ||
| 850 | _aLCBED/170/JAY | ||
| 942 | _cBK | ||
| 999 |
_c31744 _d82223 |
||